000 00260nam a22001097a 4500
003 OSt
008 241231b |||||||| |||| 00| 0 eng d
041 _aeng
100 _aLarbie, R
_96652
245 _aServicing the Modern Construction Radio Receiver
942 _cBK
999 _c18787
_d18787